000 01008nam a2200313 i 4500
001 54690
003 ES-MaACL
005 20230906163012.0
007 t|
008 040112s2002 sp ||||0| spa d
020 _a84-7882-496-0
040 _aM-BN
_bspa
_cM-BN
080 _a159.942(0:82)
080 _a821.124-22.09
080 _a811.124'373
100 1 _aLópez Gregoris, Rosario.
_973688
245 1 3 _aEl amor en la comedia latina
_b: análisis léxico y semántico /
_cRosario López Gregoris.
250 _a1ª ed.
260 _aMadrid :
_bClásicas,
_c2002.
300 _a339 p ;
_c24 cm.
490 1 _aBibliotheca linguae latinae ;
_vn. 3
504 _aBibliografía: p. [327]-334. Indice.
650 4 _aAmor-
_xEn la literatura.
_99756
650 1 4 _aComedia latina-
_xHistoria y crítica.
_911156
650 1 4 _aLengua latina-
_xLexicología.
_914302
830 0 _aBibliotheca linguae latinae ;
_vn. 3
_9230308
852 _aES-MaACL
_jL-26768
_bR.132433
999 _c54690
_d54690